Digital electronics : principles and practice (Record no. 1749)
[ view plain ]
| 000 -LEADER | |
|---|---|
| Fixed length control field | 00525nam a2200181 4500 |
| 003 - CONTROL NUMBER IDENTIFIER | |
| Control field | SEACOMEC |
| 005 - DATE AND TIME OF LATEST TRANSACTION | |
| Control field | 20241017110504.0 |
| 008 - FIXED-LENGTH DATA ELEMENTS--GENERAL INFORMATION | |
| Fixed length control field | 241017b |||||||| |||| 00| 0 eng d |
| 020 ## - INTERNATIONAL STANDARD BOOK NUMBER / ISBN | |
| International Standard Book Number | 9780333926598 |
| 040 ## - CATALOGING SOURCE | |
| Original cataloging agency | SEACOMEC |
| 082 ## - DEWEY DECIMAL CLASSIFICATION NUMBER | |
| Classification number | 621.3815 |
| Book Number | K17 |
| 100 ## - MAIN ENTRY--PERSONAL NAME | |
| Personal name | Kapoor, Avinashi |
| 245 ## - TITLE STATEMENT | |
| Title | Digital electronics : principles and practice |
| Statement of responsibility | / Avinashi Kapoor and L. K Maheshwari |
| 260 ## - IMPRINT | |
| Place of publication | New Delhi : |
| Name of publisher | Macmillan India Limited, |
| Date of publication | 1992 |
| 300 ## - PHYSICAL DESCRIPTION | |
| Page / Vol. No | 298p. ; 24 cm |
| 700 ## - ADDED ENTRY--PERSONAL NAME | |
| Personal name | Maheshwari, L. K |
| 942 ## - ADDED ENTRY ELEMENTS (KOHA) | |
| Koha item type | Books |
| Withdrawn status | Lost status | Source of classification | Damaged status | Not for loan | Home library | Current library | Date acquired | Total Checkouts | Call number | Accession number | Date last seen | Price effective from | Koha item type | Copy number |
|---|---|---|---|---|---|---|---|---|---|---|---|---|---|---|
| Dewey Decimal Classification | SEACOM ENGINEERING COLLEGE | SEACOM ENGINEERING COLLEGE | 27/06/2007 | 621.3815 K17 | 7326 | 17/10/2024 | 17/10/2024 | Books | ||||||
| Dewey Decimal Classification | SEACOM ENGINEERING COLLEGE | SEACOM ENGINEERING COLLEGE | 27/06/2007 | 621.3815 K17 | 7327 | 17/10/2024 | 17/10/2024 | Books | 1 | |||||
| Dewey Decimal Classification | SEACOM ENGINEERING COLLEGE | SEACOM ENGINEERING COLLEGE | 27/06/2007 | 621.3815 K17 | 7328 | 17/10/2024 | 17/10/2024 | Books | 2 |
